| Tag |
First Indicator |
Second Indicator |
Subfields |
| LEADER |
00000cam a2200000 4500 |
| 001 |
in00000709621 |
| 005 |
20151016064559.0 |
| 008 |
790806c18911888ilua 00010 eng |
| 010 |
|
|
|a 51049568
|
| 035 |
|
|
|a (OCoLC)05244563
|
| 035 |
|
|
|9 ADD9322AM
|
| 040 |
|
|
|a DLC
|c SDH
|d TXA
|d UtOrBLW
|
| 049 |
|
|
|a TXAM
|c [340217]
|
| 050 |
|
0 |
|a E601
|b .G85 1891
|
| 092 |
|
|
|a 973.781
|b G869s, 1891
|
| 100 |
1 |
|
|a Grigsby, Melvin,
|d 1845-1917.
|
| 245 |
1 |
4 |
|a The smoked Yank.
|
| 250 |
|
|
|a 2d ed.
|
| 264 |
|
1 |
|a Chicago :
|b Regan Print. Co.,
|c 1891
|
| 264 |
|
4 |
|c [©1888]
|
| 300 |
|
|
|a 238 pages :
|b illustrations ;
|c 23 cm.
|
| 336 |
|
|
|a text
|b txt
|2 rdacontent
|
| 337 |
|
|
|a unmediated
|b n
|2 rdamedia
|
| 338 |
|
|
|a volume
|b nc
|2 rdacarrier
|
| 651 |
|
0 |
|a United States
|x History
|y Civil War, 1861-1865
|v Personal narratives.
|
| 651 |
|
0 |
|a United States
|x History
|y Civil War, 1861-1865
|x Prisoners and prisons.
|
| 999 |
|
|
|a MARS
|
| 999 |
f |
f |
|s 7fb93ee7-1764-30d3-adc5-352812cf1b15
|i f34281eb-edc9-39e1-ad94-ea00bff50312
|t 0
|
| 952 |
f |
f |
|p ric
|a Texas A&M University
|b Rellis Campus
|c Joint Library Facility
|d Remote Storage
|t 0
|e E601 .G85 1891
|h Library of Congress classification
|i unmediated -- volume
|m A14801530762
|
| 998 |
f |
f |
|a E601 .G85 1891
|t 0
|l Remote Storage
|